| 000 | 00700nam a22002177a 4500 | ||
|---|---|---|---|
| 999 |
_c330784 _d330784 |
||
| 003 | Nust | ||
| 005 | 20170807103838.0 | ||
| 008 | 170206b xxu||||| |||| 00| 0 eng d | ||
| 020 | _a9690001124 | ||
| 020 | _a 9789690001122 | ||
| 040 | _cNust | ||
| 082 |
_a954.0350924 _bALL |
||
| 100 |
_a Allana, G _93790 |
||
| 245 | _aQuaid-e-Azam Jinnah: the story of a nation | ||
| 260 |
_aLahore _bFerozsons _c1998 |
||
| 300 | _a537p. : | ||
| 650 |
_aJinnah, Mahomed Ali _93791 |
||
| 700 |
_aG. Allana _93792 |
||
| 942 |
_cBK _2ddc |
||